<?xml version="1.0" encoding="UTF-8"?>
<record
    xmlns:xsi="http://www.w3.org/2001/XMLSchema-instance"
    xsi:schemaLocation="http://www.loc.gov/MARC21/slim http://www.loc.gov/standards/marcxml/schema/MARC21slim.xsd"
    xmlns="http://www.loc.gov/MARC21/slim">

  <leader>03121nab a2200361 i 4500</leader>
  <controlfield tag="003">BR-BrBNA</controlfield>
  <controlfield tag="005">20251119160458.0</controlfield>
  <controlfield tag="008">251119b2019    bl.|r|pooa||| 00| 0 eng |</controlfield>
  <datafield tag="040" ind1=" " ind2=" ">
    <subfield code="a">BR-BrBNA</subfield>
    <subfield code="b">eng</subfield>
  </datafield>
  <datafield tag="072" ind1=" " ind2=" ">
    <subfield code="a">F02</subfield>
    <subfield code="b">1105</subfield>
  </datafield>
  <datafield tag="072" ind1=" " ind2=" ">
    <subfield code="a">F03</subfield>
    <subfield code="b">1190</subfield>
  </datafield>
  <datafield tag="100" ind1=" " ind2=" ">
    <subfield code="a">Ferreira, Gisela </subfield>
  </datafield>
  <datafield tag="100" ind1=" " ind2=" ">
    <subfield code="a">De-La-Cruz-Chac&#xF3;n, Iv&#xE1;n </subfield>
  </datafield>
  <datafield tag="100" ind1=" " ind2=" ">
    <subfield code="a">Boaro, Carmen Silvia Fernandes </subfield>
  </datafield>
  <datafield tag="100" ind1=" " ind2=" ">
    <subfield code="a">Baron, Daniel </subfield>
  </datafield>
  <datafield tag="100" ind1=" " ind2=" ">
    <subfield code="a">Lemos, Eurico Eduardo Pinto de </subfield>
  </datafield>
  <datafield tag="245" ind1=" " ind2=" ">
    <subfield code="a">Propagation of Annonaceous plants</subfield>
  </datafield>
  <datafield tag="500" ind1=" " ind2=" ">
    <subfield code="a">
Publica&#xE7;&#xE3;o online; 2 tables; Summaries (En, Pt); Bibliography p. 9-14</subfield>
  </datafield>
  <datafield tag="520" ind1=" " ind2=" ">
    <subfield code="a">


Abstract-      This review aims to present advances in studies on the propagation of the Annonaceae species, which includes species of economic importance such as: soursop, custard apple, atemoya and cherimoya. In sexual propagation, advances are mainly related to a better understanding of the stages of seed development, dormancy mechanisms, and germination. In asexual propagation, compatibility studies between grafts and rootstocks are presented, focusing on the expression of genes involved in tissue formation. The cutting method is also discussed, which is another option for the propagation for this group of plants considered difficult to root, approaching endogenous and exogenous factors related to the subject, as well as management strategies that affect the success of this technique.



Index terms:      Annonaceae, seed dormancy, germination, grafting, cutting</subfield>
  </datafield>
  <datafield tag="520" ind1=" " ind2=" ">
    <subfield code="a">


Resumo-      A presente revis&#xE3;o tem por objetivo apresentar os avan&#xE7;os nos estudos sobre a propaga&#xE7;&#xE3;o de esp&#xE9;cies da fam&#xED;lia Annonaceae, que inclui esp&#xE9;cies de import&#xE2;ncia econ&#xF4;mica como: graviola, fruta-do-conde, atemoia e cherimoia. Na propaga&#xE7;&#xE3;o sexuada, os avan&#xE7;os est&#xE3;o relacionados, principalmente, com a melhor compreens&#xE3;o dos est&#xE1;dios de desenvolvimento das sementes, mecanismos de dorm&#xEA;ncia, e germina&#xE7;&#xE3;o , em especial a fase de embebi&#xE7;&#xE3;o das mesmas. Na propaga&#xE7;&#xE3;o assexuada, s&#xE3;o apresentados estudos de compatibilidade entre enxertos e porta-enxertos, com foco na express&#xE3;o de genes envolvidos com a forma&#xE7;&#xE3;o dos tecidos. Tamb&#xE9;m &#xE9; discutido o m&#xE9;todo da estaquia, outra op&#xE7;&#xE3;o de propaga&#xE7;&#xE3;o para este grupo de plantas consideradas de dif&#xED;cil enraizamento, abordando-se fatores end&#xF3;genos e ex&#xF3;genos relacionados ao tema, bem como as estrat&#xE9;gias de manejo que interferem no sucesso desta t&#xE9;cnica.



Termos de indexa&#xE7;&#xE3;o:      Annonaceae, dorm&#xEA;ncia, germina&#xE7;&#xE3;o, sementes, enxertia, estaquia</subfield>
  </datafield>
  <datafield tag="650" ind1=" " ind2=" ">
    <subfield code="a">GRAVIOLA</subfield>
  </datafield>
  <datafield tag="650" ind1=" " ind2=" ">
    <subfield code="a">FRUTA-DO-CONDE</subfield>
  </datafield>
  <datafield tag="650" ind1=" " ind2=" ">
    <subfield code="a">ATEMOIA</subfield>
  </datafield>
  <datafield tag="650" ind1=" " ind2=" ">
    <subfield code="a">SEMENTE</subfield>
  </datafield>
  <datafield tag="650" ind1=" " ind2=" ">
    <subfield code="a">GERMINA&#xC7;&#xC3;O</subfield>
  </datafield>
  <datafield tag="650" ind1=" " ind2=" ">
    <subfield code="a">DORM&#xCA;NCIA</subfield>
  </datafield>
  <datafield tag="650" ind1=" " ind2=" ">
    <subfield code="a">ENXERTO</subfield>
  </datafield>
  <datafield tag="650" ind1=" " ind2=" ">
    <subfield code="a">PROPAGA&#xC7;&#xC3;O VEGETATIVA</subfield>
  </datafield>
  <datafield tag="773" ind1="0" ind2=" ">
    <subfield code="0">805</subfield>
    <subfield code="9">317038</subfield>
    <subfield code="d">Jaboticabal-SP Sociedade Brasileira de Fruticultura 1978</subfield>
    <subfield code="o">2024-3600</subfield>
    <subfield code="t">Revista Brasileira de Fruticultura (Brazil)</subfield>
    <subfield code="x">0100-2945</subfield>
    <subfield code="g">v. 41(1) p. 1-14; (2019)</subfield>
    <subfield code="w">BR2025005090</subfield>
  </datafield>
  <datafield tag="856" ind1=" " ind2=" ">
    <subfield code="u">https://www.scielo.br/j/rbf/a/hgCpnbnxYkpRyJ9tQtSmYsJ/?format=pdf&amp;lang=en</subfield>
  </datafield>
  <datafield tag="942" ind1=" " ind2=" ">
    <subfield code="c">ANA</subfield>
  </datafield>
  <datafield tag="999" ind1=" " ind2=" ">
    <subfield code="c">339126</subfield>
    <subfield code="d">339126</subfield>
  </datafield>
</record>
